| 000 | 00657nam a2200241Ia 4500 | ||
|---|---|---|---|
| 003 | OSt | ||
| 005 | 20221002051230.0 | ||
| 006 | a|||||r|||| 00| 0 | ||
| 007 | ta | ||
| 008 | 220930b |||||||| |||| 00| 0 hin d | ||
| 024 | _a24004 | ||
| 037 | _cReference Collections | ||
| 040 |
_aCRL _cCRL _bhin |
||
| 041 |
_2hin _ahin |
||
| 082 | _aR635x1,1, K7(RR) | ||
| 100 |
_aOmanand Tirth _9572256 |
||
| 245 | 0 | _aPatanjalyogpradeep | |
| 260 |
_aGorakhpur _bGeeta Press India _c1967 |
||
| 300 |
_a652p. _ccm. |
||
| 650 | _aINDIAN PHILOSOPHY | ||
| 942 |
_hR635x1,1, K7(RR) _cref _2CC |
||
| 999 |
_c916284 _d916284 |
||